| 000 | 01559nam a22002417a 4500 | ||
|---|---|---|---|
| 003 | DO-SdBJH | ||
| 005 | 20240828145411.0 | ||
| 008 | 240828b |||||||| |||| 00| 0 spa d | ||
| 040 |
_aDO-SdBJH _bspa _cDO-SdBJH |
||
| 090 |
_aTG ANGM _b02113 2022 |
||
| 100 | 1 |
_aGarcía Chávez, Henry _esustentante |
|
| 245 | 1 | 0 |
_aAnálisis del Covid-19 en el entrenamiento, capacitación y adiestramiento Militar en la Academia Naval Vicealmirante César A. De Windt Lavandier, A.R.D. / _c Henry García Chávez, Esmarlyn De la Cruz Leocadio, asesores George Monte De Oca, Manuel Feliz Ledesma |
| 260 |
_aSanto Domingo Este : _bINSUDE, _c2022 |
||
| 300 | _avi, 45, estadísticas, gráficos, tabla | ||
| 502 | _aTrabajo de grado (Licenciado en Ciencias Navales). -- Instituto Superior para la Defensa (INSUDE). Academia Naval Marina de Guerra “Vicealmirante Cesar D’Windt Lavandier”, 2022 | ||
| 504 | _aIncluye referencias bibliográficas e índices | ||
| 505 | _aCOVID-19 y su influencia en el entrenamiento, capacitación y adiestramiento militar en la Academia Naval Vicealmirante César A. De Windt Lavandier, A.R.D. -- Relación que existe entre la capacitación Adiestramiento militar virtual en la Academia Naval César A. De Windt Lavandier A.R.D. | ||
| 700 | 1 |
_aDe la Cruz Leocadio, Esmarlyn _esustentante |
|
| 700 | 1 |
_aMonte De Oca, George _easesor |
|
| 700 | 1 |
_aFeliz Ledesma, Manuel _easesor |
|
| 830 | _aINSUDE. Academia Naval Marina de Guerra “Vicealmirante Cesar D’Windt Lavandier”. Tesis y disertaciones académicas | ||
| 942 |
_2CL _cT |
||
| 999 |
_c7826 _d7826 |
||